000 01184nam a22003737a 4500
003 CHAP
005 20220817044328.0
008 100325s1989 mx r 00010 spa d
010 _a97892
011 _a98864
020 _a968163098X
035 _a109549
040 _cCHAP
082 0 4 _a304.28
_bR24
100 0 0 _aRedclift, Michael R.
_995360
245 1 4 _aLos conflictos del desarrollo y la crisis ambiental
_c/por Michael Redclift
260 _aMéxico :
_bFCE,
_c1989
300 _a255 p. :
_bilus.
490 0 _aColección popular
_v; 383
590 _aBATCH-UPD
_b10
_c20130110
_lUCH01
_h1030
590 _aBATCH-UPD
_b10
_c20130410
_lUCH01
_h0633
590 _aBATCH-UPD
_b10
_c20130914
_lUCH01
_h1005
590 _aCONVERSION
_b10
_c20130109
_lUCH01
_h1354
650 1 4 _aDesarrollo sustentable.
650 1 4 _aImpacto ambiental.
_957465
650 1 4 _aMedio ambiente.
_974065
650 1 4 _aPolítica ambiental.
_990422
650 1 4 _aPolítica económica
_xPaíses subdesarrollados.
830 0 _aColección popular
_v; 383
_924953
901 _aBK
911 _aen proceso
942 _cLIBRO
949 _a304.28 R24y
_bBC
_cLIBRO
_d33724002162884
_eLIBRO
_h112038
_i109549
_sb
999 _c97892
_d97892